| 000 | 00649nam a2200181 a 4500 | ||
|---|---|---|---|
| 001 | 77 | ||
| 003 | CDMR | ||
| 005 | 20131107113740.0 | ||
| 008 | 130130s1993||||||||||||||||||||||||||||d | ||
| 040 |
_aCDMR _bcat _cCDMR |
||
| 100 | 1 |
_aMartínez y Martínez, Julián _974 |
|
| 245 | 1 | 0 |
_a75 años al servicio del periodismo _b: crónica de las bodas de platino de la Asociación de la Prensa de Burgos _cJulian Martinez y Martinez |
| 260 |
_aBurgos _c1993 _bAsociación de la Prensa de Burgos |
||
| 300 |
_a133 p ; _c24 cm |
||
| 610 | 2 | 4 |
_aAsociación de la Prensa de Burgos _vHistòria _92812 |
| 710 | 2 |
_92812 _aAsociación de la Prensa de Burgos |
|
| 942 |
_cMON _2ddc |
||
| 999 |
_c77 _d77 |
||